| 000 | 00762nam a22002537a 4500 | ||
|---|---|---|---|
| 003 | UA-OsUOA | ||
| 001 | 23346 | ||
| 007 | ta | ||
| 008 | 20040120b un ||||| |||| 00| 0 ukr d | ||
| 100 | _aМарчук Є. К. | ||
| 090 |
_a316.334.3(477) _bМ30 |
||
| 942 | _cBK | ||
| 040 |
_aUA-OsUOA _bukr _cUA-OsUOA _dUA-OsUOA |
||
| 245 |
_aУкраїна: нова парадигма поступу _bаналітичне дослідження |
||
| 300 | _a216 с. | ||
| 955 | _a1 | ||
| 041 | _aukr | ||
| 080 | _a316.334.3(477) | ||
| 020 | _a966-95710-0-6 | ||
| 260 |
_aК. _bАввалон _c2001 |
||
| 044 | _aUA | ||
| 650 | 7 |
_a316.3 Соціальна структура. Суспільство як соціальна система _2UDC |
|
| 999 |
_c309592 _d309592 |
||